<?xml version="1.0" encoding="UTF-8"?>
<record
    xmlns:xsi="http://www.w3.org/2001/XMLSchema-instance"
    xsi:schemaLocation="http://www.loc.gov/MARC21/slim http://www.loc.gov/standards/marcxml/schema/MARC21slim.xsd"
    xmlns="http://www.loc.gov/MARC21/slim">

  <leader>00227nam a2200097Ia 4500</leader>
  <controlfield tag="008">170620s9999    xx            000 0 und d</controlfield>
  <datafield tag="100" ind1=" " ind2=" ">
    <subfield code="a">Sharma- R.K.</subfield>
  </datafield>
  <datafield tag="245" ind1=" " ind2="0">
    <subfield code="a">Baal Manovigyan</subfield>
  </datafield>
  <datafield tag="260" ind1=" " ind2=" ">
    <subfield code="b">Radha Prakashan Mandir Agra-2</subfield>
  </datafield>
  <datafield tag="260" ind1=" " ind2=" ">
    <subfield code="c">2008</subfield>
  </datafield>
  <datafield tag="300" ind1=" " ind2=" ">
    <subfield code="a">352</subfield>
  </datafield>
  <datafield tag="999" ind1=" " ind2=" ">
    <subfield code="c">27892</subfield>
    <subfield code="d">27892</subfield>
  </datafield>
  <datafield tag="952" ind1=" " ind2=" ">
    <subfield code="0">0</subfield>
    <subfield code="1">0</subfield>
    <subfield code="2">ddc</subfield>
    <subfield code="4">0</subfield>
    <subfield code="7">0</subfield>
    <subfield code="a">16</subfield>
    <subfield code="b">16</subfield>
    <subfield code="d">2010-01-21</subfield>
    <subfield code="e">34</subfield>
    <subfield code="l">0</subfield>
    <subfield code="p">16-B-141</subfield>
    <subfield code="r">2017-06-30</subfield>
    <subfield code="w">2017-06-30</subfield>
    <subfield code="y">01</subfield>
  </datafield>
  <datafield tag="952" ind1=" " ind2=" ">
    <subfield code="0">0</subfield>
    <subfield code="1">0</subfield>
    <subfield code="2">ddc</subfield>
    <subfield code="4">0</subfield>
    <subfield code="7">0</subfield>
    <subfield code="a">16</subfield>
    <subfield code="b">16</subfield>
    <subfield code="d">2010-01-21</subfield>
    <subfield code="e">34</subfield>
    <subfield code="l">0</subfield>
    <subfield code="p">16-B-142</subfield>
    <subfield code="r">2017-06-30</subfield>
    <subfield code="w">2017-06-30</subfield>
    <subfield code="y">01</subfield>
  </datafield>
  <datafield tag="952" ind1=" " ind2=" ">
    <subfield code="0">0</subfield>
    <subfield code="1">0</subfield>
    <subfield code="2">ddc</subfield>
    <subfield code="4">0</subfield>
    <subfield code="7">0</subfield>
    <subfield code="a">16</subfield>
    <subfield code="b">16</subfield>
    <subfield code="d">2010-01-21</subfield>
    <subfield code="e">34</subfield>
    <subfield code="l">1</subfield>
    <subfield code="p">16-B-143</subfield>
    <subfield code="r">2018-06-12</subfield>
    <subfield code="s">2018-06-12</subfield>
    <subfield code="w">2017-06-30</subfield>
    <subfield code="y">01</subfield>
  </datafield>
  <datafield tag="952" ind1=" " ind2=" ">
    <subfield code="0">0</subfield>
    <subfield code="1">0</subfield>
    <subfield code="2">ddc</subfield>
    <subfield code="4">0</subfield>
    <subfield code="7">0</subfield>
    <subfield code="a">16</subfield>
    <subfield code="b">16</subfield>
    <subfield code="d">2010-01-21</subfield>
    <subfield code="e">34</subfield>
    <subfield code="l">0</subfield>
    <subfield code="p">16-B-144</subfield>
    <subfield code="r">2017-06-30</subfield>
    <subfield code="w">2017-06-30</subfield>
    <subfield code="y">01</subfield>
  </datafield>
  <datafield tag="952" ind1=" " ind2=" ">
    <subfield code="0">0</subfield>
    <subfield code="1">0</subfield>
    <subfield code="2">ddc</subfield>
    <subfield code="4">0</subfield>
    <subfield code="7">0</subfield>
    <subfield code="a">16</subfield>
    <subfield code="b">16</subfield>
    <subfield code="d">2010-01-21</subfield>
    <subfield code="e">34</subfield>
    <subfield code="l">0</subfield>
    <subfield code="p">16-B-145</subfield>
    <subfield code="r">2017-06-30</subfield>
    <subfield code="w">2017-06-30</subfield>
    <subfield code="y">01</subfield>
  </datafield>
  <datafield tag="952" ind1=" " ind2=" ">
    <subfield code="0">0</subfield>
    <subfield code="1">0</subfield>
    <subfield code="2">ddc</subfield>
    <subfield code="4">0</subfield>
    <subfield code="7">0</subfield>
    <subfield code="a">16</subfield>
    <subfield code="b">16</subfield>
    <subfield code="d">2010-01-21</subfield>
    <subfield code="e">34</subfield>
    <subfield code="l">0</subfield>
    <subfield code="p">16-B-146</subfield>
    <subfield code="r">2017-06-30</subfield>
    <subfield code="w">2017-06-30</subfield>
    <subfield code="y">01</subfield>
  </datafield>
  <datafield tag="952" ind1=" " ind2=" ">
    <subfield code="0">0</subfield>
    <subfield code="1">0</subfield>
    <subfield code="2">ddc</subfield>
    <subfield code="4">0</subfield>
    <subfield code="7">0</subfield>
    <subfield code="a">16</subfield>
    <subfield code="b">16</subfield>
    <subfield code="d">2010-01-21</subfield>
    <subfield code="e">34</subfield>
    <subfield code="l">0</subfield>
    <subfield code="p">16-B-147</subfield>
    <subfield code="r">2017-06-30</subfield>
    <subfield code="w">2017-06-30</subfield>
    <subfield code="y">01</subfield>
  </datafield>
  <datafield tag="952" ind1=" " ind2=" ">
    <subfield code="0">0</subfield>
    <subfield code="1">0</subfield>
    <subfield code="2">ddc</subfield>
    <subfield code="4">0</subfield>
    <subfield code="7">0</subfield>
    <subfield code="a">16</subfield>
    <subfield code="b">16</subfield>
    <subfield code="d">2010-01-21</subfield>
    <subfield code="e">34</subfield>
    <subfield code="l">0</subfield>
    <subfield code="p">16-B-148</subfield>
    <subfield code="r">2017-06-30</subfield>
    <subfield code="w">2017-06-30</subfield>
    <subfield code="y">01</subfield>
  </datafield>
  <datafield tag="952" ind1=" " ind2=" ">
    <subfield code="0">0</subfield>
    <subfield code="1">0</subfield>
    <subfield code="2">ddc</subfield>
    <subfield code="4">0</subfield>
    <subfield code="7">0</subfield>
    <subfield code="a">16</subfield>
    <subfield code="b">16</subfield>
    <subfield code="d">2010-01-21</subfield>
    <subfield code="e">34</subfield>
    <subfield code="l">0</subfield>
    <subfield code="p">16-B-149</subfield>
    <subfield code="r">2017-06-30</subfield>
    <subfield code="w">2017-06-30</subfield>
    <subfield code="y">01</subfield>
  </datafield>
  <datafield tag="952" ind1=" " ind2=" ">
    <subfield code="0">0</subfield>
    <subfield code="1">0</subfield>
    <subfield code="2">ddc</subfield>
    <subfield code="4">0</subfield>
    <subfield code="7">0</subfield>
    <subfield code="a">16</subfield>
    <subfield code="b">16</subfield>
    <subfield code="d">2010-01-21</subfield>
    <subfield code="e">34</subfield>
    <subfield code="l">0</subfield>
    <subfield code="p">16-B-150</subfield>
    <subfield code="r">2017-06-30</subfield>
    <subfield code="w">2017-06-30</subfield>
    <subfield code="y">01</subfield>
  </datafield>
  <datafield tag="952" ind1=" " ind2=" ">
    <subfield code="0">0</subfield>
    <subfield code="1">0</subfield>
    <subfield code="2">ddc</subfield>
    <subfield code="4">0</subfield>
    <subfield code="7">0</subfield>
    <subfield code="a">16</subfield>
    <subfield code="b">16</subfield>
    <subfield code="d">2010-01-21</subfield>
    <subfield code="e">34</subfield>
    <subfield code="l">0</subfield>
    <subfield code="p">16-B-151</subfield>
    <subfield code="r">2017-06-30</subfield>
    <subfield code="w">2017-06-30</subfield>
    <subfield code="y">01</subfield>
  </datafield>
  <datafield tag="952" ind1=" " ind2=" ">
    <subfield code="0">0</subfield>
    <subfield code="1">0</subfield>
    <subfield code="2">ddc</subfield>
    <subfield code="4">0</subfield>
    <subfield code="7">0</subfield>
    <subfield code="a">16</subfield>
    <subfield code="b">16</subfield>
    <subfield code="d">2010-01-21</subfield>
    <subfield code="e">34</subfield>
    <subfield code="l">0</subfield>
    <subfield code="p">16-B-152</subfield>
    <subfield code="r">2017-06-30</subfield>
    <subfield code="w">2017-06-30</subfield>
    <subfield code="y">01</subfield>
  </datafield>
  <datafield tag="952" ind1=" " ind2=" ">
    <subfield code="0">0</subfield>
    <subfield code="1">0</subfield>
    <subfield code="2">ddc</subfield>
    <subfield code="4">0</subfield>
    <subfield code="7">0</subfield>
    <subfield code="a">16</subfield>
    <subfield code="b">16</subfield>
    <subfield code="d">2010-01-21</subfield>
    <subfield code="e">34</subfield>
    <subfield code="l">0</subfield>
    <subfield code="p">16-B-153</subfield>
    <subfield code="r">2017-06-30</subfield>
    <subfield code="w">2017-06-30</subfield>
    <subfield code="y">01</subfield>
  </datafield>
  <datafield tag="952" ind1=" " ind2=" ">
    <subfield code="0">0</subfield>
    <subfield code="1">0</subfield>
    <subfield code="2">ddc</subfield>
    <subfield code="4">0</subfield>
    <subfield code="7">0</subfield>
    <subfield code="a">16</subfield>
    <subfield code="b">16</subfield>
    <subfield code="d">2010-01-21</subfield>
    <subfield code="e">34</subfield>
    <subfield code="l">0</subfield>
    <subfield code="p">16-B-154</subfield>
    <subfield code="r">2017-06-30</subfield>
    <subfield code="w">2017-06-30</subfield>
    <subfield code="y">01</subfield>
  </datafield>
  <datafield tag="952" ind1=" " ind2=" ">
    <subfield code="0">0</subfield>
    <subfield code="1">0</subfield>
    <subfield code="2">ddc</subfield>
    <subfield code="4">0</subfield>
    <subfield code="7">0</subfield>
    <subfield code="a">16</subfield>
    <subfield code="b">16</subfield>
    <subfield code="d">2010-01-21</subfield>
    <subfield code="e">34</subfield>
    <subfield code="l">0</subfield>
    <subfield code="p">16-B-155</subfield>
    <subfield code="r">2017-06-30</subfield>
    <subfield code="w">2017-06-30</subfield>
    <subfield code="y">01</subfield>
  </datafield>
  <datafield tag="952" ind1=" " ind2=" ">
    <subfield code="0">0</subfield>
    <subfield code="1">0</subfield>
    <subfield code="2">ddc</subfield>
    <subfield code="4">0</subfield>
    <subfield code="7">0</subfield>
    <subfield code="a">16</subfield>
    <subfield code="b">16</subfield>
    <subfield code="d">2010-01-21</subfield>
    <subfield code="e">34</subfield>
    <subfield code="l">0</subfield>
    <subfield code="p">16-B-156</subfield>
    <subfield code="r">2017-06-30</subfield>
    <subfield code="w">2017-06-30</subfield>
    <subfield code="y">01</subfield>
  </datafield>
  <datafield tag="952" ind1=" " ind2=" ">
    <subfield code="0">0</subfield>
    <subfield code="1">0</subfield>
    <subfield code="2">ddc</subfield>
    <subfield code="4">0</subfield>
    <subfield code="7">0</subfield>
    <subfield code="a">16</subfield>
    <subfield code="b">16</subfield>
    <subfield code="d">2010-01-21</subfield>
    <subfield code="e">34</subfield>
    <subfield code="l">0</subfield>
    <subfield code="p">16-B-157</subfield>
    <subfield code="r">2017-06-30</subfield>
    <subfield code="w">2017-06-30</subfield>
    <subfield code="y">01</subfield>
  </datafield>
  <datafield tag="952" ind1=" " ind2=" ">
    <subfield code="0">0</subfield>
    <subfield code="1">0</subfield>
    <subfield code="2">ddc</subfield>
    <subfield code="4">0</subfield>
    <subfield code="7">0</subfield>
    <subfield code="a">16</subfield>
    <subfield code="b">16</subfield>
    <subfield code="d">2010-01-21</subfield>
    <subfield code="e">34</subfield>
    <subfield code="l">0</subfield>
    <subfield code="p">16-B-158</subfield>
    <subfield code="r">2017-06-30</subfield>
    <subfield code="w">2017-06-30</subfield>
    <subfield code="y">01</subfield>
  </datafield>
  <datafield tag="952" ind1=" " ind2=" ">
    <subfield code="0">0</subfield>
    <subfield code="1">0</subfield>
    <subfield code="2">ddc</subfield>
    <subfield code="4">0</subfield>
    <subfield code="7">0</subfield>
    <subfield code="a">16</subfield>
    <subfield code="b">16</subfield>
    <subfield code="d">2010-01-21</subfield>
    <subfield code="e">34</subfield>
    <subfield code="l">3</subfield>
    <subfield code="m">3</subfield>
    <subfield code="p">16-B-159</subfield>
    <subfield code="r">2019-01-09</subfield>
    <subfield code="s">2018-12-27</subfield>
    <subfield code="w">2017-06-30</subfield>
    <subfield code="y">01</subfield>
  </datafield>
  <datafield tag="952" ind1=" " ind2=" ">
    <subfield code="0">0</subfield>
    <subfield code="1">0</subfield>
    <subfield code="2">ddc</subfield>
    <subfield code="4">0</subfield>
    <subfield code="7">0</subfield>
    <subfield code="a">16</subfield>
    <subfield code="b">16</subfield>
    <subfield code="d">2010-01-21</subfield>
    <subfield code="e">34</subfield>
    <subfield code="l">0</subfield>
    <subfield code="p">16-B-160</subfield>
    <subfield code="r">2017-06-30</subfield>
    <subfield code="w">2017-06-30</subfield>
    <subfield code="y">01</subfield>
  </datafield>
</record>
